000 00287nam a22001337a 4500
008 170130b xxu||||| |||| 00| 0 eng d
020 _a9780073374918
041 _aeng
080 _25TH
_a61
100 _a3
101 _aSHMI
245 _aMEDICAL INSURANCE
_cVALERIUS
942 _2udc
_cBK
999 _c4022
_d4022